| Record ID | ia:structuremanagem0000morr |
| Source | Internet Archive |
| Download MARC XML | https://archive.org/download/structuremanagem0000morr/structuremanagem0000morr_marc.xml |
| Download MARC binary | https://www.archive.org/download/structuremanagem0000morr/structuremanagem0000morr_meta.mrc |
LEADER: 00879cam 22002410 4500
001 0116301274829
008 860724s1973 enk a eng x
020 $a0335026052
035 $a(Sirsi) AAJ-8186
035 $a22719440.C..
040 $aOPET$beng
050 4 $aQH541$b.M56
050 4 $aT45$b.O68 no.6
090 0 $aQA 402 .S9 no. 6$bb
100 1 $aMorris, Dick.
245 14 $aThe structure and management of ecosystems /$cprepared for the Systems Behaviour Course Team by Dick Morris. --
260 $a[Milton Keynes, Eng.] :$bOpen University Press,$c[1973]
300 $a74 p. :$bill. (some col.). --
490 1 $aOpen University. Technology : systems behaviour module ;$vno. 6
650 0 $aBiotic communities.
650 0 $aEcology.
710 20 $aOpen University.$bSystems Behaviour Course Team.
810 2 $aOpen University.$tTechnology : systems behaviour module ;$vno. 6.